<?xml version="1.0" encoding="UTF-8"?>
<record
    xmlns:xsi="http://www.w3.org/2001/XMLSchema-instance"
    xsi:schemaLocation="http://www.loc.gov/MARC21/slim http://www.loc.gov/standards/marcxml/schema/MARC21slim.xsd"
    xmlns="http://www.loc.gov/MARC21/slim">

  <leader>01829nam a2200325 i 4500</leader>
  <controlfield tag="003">DO-SdBNP</controlfield>
  <controlfield tag="005">20230627144303.0</controlfield>
  <controlfield tag="007">ta</controlfield>
  <controlfield tag="008">190424s2018    dr a          000   spa d</controlfield>
  <datafield tag="040" ind1=" " ind2=" ">
    <subfield code="a">DO-SdBNP</subfield>
    <subfield code="b">spa</subfield>
    <subfield code="c">BNPHU</subfield>
    <subfield code="e">rda</subfield>
  </datafield>
  <datafield tag="082" ind1=" " ind2="4">
    <subfield code="a">305.26</subfield>
    <subfield code="b">M678d</subfield>
    <subfield code="2">22</subfield>
  </datafield>
  <datafield tag="245" ind1="0" ind2="0">
    <subfield code="a">Misi&#xF3;n dominicana envejece :</subfield>
    <subfield code="b">retos, realidades y propuestas sobre la vejez y el envejecimiento en la Rep&#xFA;blica Dominicana /</subfield>
    <subfield code="c">investigaci&#xF3;n Carmen Elisa Florez Nieto ... [et al.]</subfield>
  </datafield>
  <datafield tag="264" ind1=" " ind2=" ">
    <subfield code="a">Santo Domingo :</subfield>
    <subfield code="b">Fundaci&#xF3;n NTD,</subfield>
    <subfield code="c">2018.</subfield>
  </datafield>
  <datafield tag="300" ind1=" " ind2=" ">
    <subfield code="a">334 p&#xE1;ginas : </subfield>
    <subfield code="b">il., cuadros, grafs., tabls.,</subfield>
    <subfield code="c">28 cm. + </subfield>
    <subfield code="e">Resumen </subfield>
  </datafield>
  <datafield tag="336" ind1=" " ind2=" ">
    <subfield code="2">rdacontent</subfield>
    <subfield code="a">texto</subfield>
    <subfield code="b">txt</subfield>
  </datafield>
  <datafield tag="337" ind1=" " ind2=" ">
    <subfield code="2">rdamedia</subfield>
    <subfield code="a">sin mediaci&#xF3;n</subfield>
    <subfield code="b">n</subfield>
  </datafield>
  <datafield tag="338" ind1=" " ind2=" ">
    <subfield code="2">rdacarrier</subfield>
    <subfield code="a">volumen</subfield>
    <subfield code="b">nc</subfield>
  </datafield>
  <datafield tag="500" ind1=" " ind2=" ">
    <subfield code="a">Incluye referencias bibliogr&#xE1;ficas al final de los cap&#xED;tulos </subfield>
  </datafield>
  <datafield tag="504" ind1=" " ind2=" ">
    <subfield code="a">Bibliogr&#xE1;fia : p. 334</subfield>
  </datafield>
  <datafield tag="505" ind1=" " ind2=" ">
    <subfield code="a">Cap&#xED;tulo 1--</subfield>
    <subfield code="t">Situaci&#xF3;n demogr&#xE1;fica en Rep&#xFA;blica Dominicana --</subfield>
    <subfield code="g">Cap&#xED;tulo 2. </subfield>
    <subfield code="t">Retos del sistema de salud frente a la vejez y el envejecimiento. La situaci&#xF3;n en Rep&#xFA;blica Dominicana --</subfield>
    <subfield code="g">Cap&#xED;tulo 3.</subfield>
    <subfield code="t">El cuidado y los cuidadores en Rep&#xFA;blica Dominicana --</subfield>
    <subfield code="g">Cap&#xED;tulo 4.</subfield>
    <subfield code="t">Educaci&#xF3;n, empleo y situaci&#xF3;n econ&#xF3;mica de la personas mayores en Rep&#xFA;blica Dominicana--</subfield>
    <subfield code="g">Cap&#xED;tulo 5.</subfield>
    <subfield code="t">Ahorro e inversi&#xF3;n para la vejez --</subfield>
    <subfield code="g">Cap&#xED;tulo 6.</subfield>
    <subfield code="t">Inmigraci&#xF3;n internacional y adulto mayor en Rep&#xFA;blica Dominicana.</subfield>
  </datafield>
  <datafield tag="590" ind1=" " ind2=" ">
    <subfield code="a">Inventariado, 2022/MFF</subfield>
  </datafield>
  <datafield tag="650" ind1=" " ind2="4">
    <subfield code="a">Vejez</subfield>
    <subfield code="x">Aspectos sociales</subfield>
    <subfield code="z">Rep&#xFA;blica Dominicana</subfield>
    <subfield code="9">81739</subfield>
  </datafield>
  <datafield tag="650" ind1=" " ind2="4">
    <subfield code="a">Vejez </subfield>
    <subfield code="x">Aspectos econ&#xF3;micas</subfield>
    <subfield code="z">Rep&#xFA;blica Dominicana</subfield>
    <subfield code="9">81740</subfield>
  </datafield>
  <datafield tag="650" ind1=" " ind2="4">
    <subfield code="a">Vejez</subfield>
    <subfield code="z">Am&#xE9;rica Latina</subfield>
    <subfield code="9">81741</subfield>
  </datafield>
  <datafield tag="650" ind1=" " ind2="4">
    <subfield code="a">Asistencia a la vejez</subfield>
    <subfield code="z">Rep&#xFA;blica Dominicana</subfield>
    <subfield code="9">81742</subfield>
  </datafield>
  <datafield tag="651" ind1=" " ind2="4">
    <subfield code="a">Rep&#xFA;blica Dominicana</subfield>
    <subfield code="x">Poblaci&#xF3;n</subfield>
    <subfield code="9">1423</subfield>
  </datafield>
  <datafield tag="700" ind1="1" ind2=" ">
    <subfield code="a">Florez Nieto, Carmen Elisa</subfield>
    <subfield code="9">81743</subfield>
  </datafield>
  <datafield tag="910" ind1=" " ind2=" ">
    <subfield code="a">Validado.Control de calidad MFF</subfield>
  </datafield>
  <datafield tag="942" ind1=" " ind2=" ">
    <subfield code="2">ddc</subfield>
    <subfield code="c">LBS1</subfield>
  </datafield>
  <datafield tag="952" ind1=" " ind2=" ">
    <subfield code="0">0</subfield>
    <subfield code="1">0</subfield>
    <subfield code="2">ddc</subfield>
    <subfield code="5">1</subfield>
    <subfield code="7">0</subfield>
    <subfield code="8">PD</subfield>
    <subfield code="a">BNPHU</subfield>
    <subfield code="b">BNPHU</subfield>
    <subfield code="c">HD</subfield>
    <subfield code="d">2022-05-31</subfield>
    <subfield code="e">Donaci&#xF3;n</subfield>
    <subfield code="o">BNPHU PD 305.26 M678d</subfield>
    <subfield code="p">2022-2539</subfield>
    <subfield code="r">2022-05-31</subfield>
    <subfield code="w">2022-05-31</subfield>
    <subfield code="y">LBS1</subfield>
    <subfield code="z">Donado por Pedro Jos&#xE9; Ortega Espinal.</subfield>
  </datafield>
  <datafield tag="952" ind1=" " ind2=" ">
    <subfield code="0">0</subfield>
    <subfield code="1">0</subfield>
    <subfield code="2">ddc</subfield>
    <subfield code="5">1</subfield>
    <subfield code="7">0</subfield>
    <subfield code="8">PD</subfield>
    <subfield code="a">BNPHU</subfield>
    <subfield code="b">BNPHU</subfield>
    <subfield code="c">HD</subfield>
    <subfield code="d">2022-10-20</subfield>
    <subfield code="e">Donaci&#xF3;n</subfield>
    <subfield code="o">BNPHU PD 305.26 M678d</subfield>
    <subfield code="p">2022-4437</subfield>
    <subfield code="r">2022-10-20</subfield>
    <subfield code="t">e.2</subfield>
    <subfield code="w">2022-10-20</subfield>
    <subfield code="y">LBS1</subfield>
  </datafield>
  <datafield tag="952" ind1=" " ind2=" ">
    <subfield code="0">0</subfield>
    <subfield code="1">0</subfield>
    <subfield code="2">ddc</subfield>
    <subfield code="5">6</subfield>
    <subfield code="7">0</subfield>
    <subfield code="8">DS</subfield>
    <subfield code="a">BNPHU</subfield>
    <subfield code="b">BNPHU</subfield>
    <subfield code="c">HD</subfield>
    <subfield code="d">2023-05-17</subfield>
    <subfield code="e">Dep&#xF3;sito Legal</subfield>
    <subfield code="o">BNPHU DS 305.26 M678d</subfield>
    <subfield code="p">2023-1927</subfield>
    <subfield code="r">2023-05-17</subfield>
    <subfield code="t">e.3, resumen</subfield>
    <subfield code="w">2023-05-17</subfield>
    <subfield code="y">LBS1</subfield>
  </datafield>
  <datafield tag="952" ind1=" " ind2=" ">
    <subfield code="0">0</subfield>
    <subfield code="1">0</subfield>
    <subfield code="2">ddc</subfield>
    <subfield code="5">6</subfield>
    <subfield code="7">0</subfield>
    <subfield code="8">DS</subfield>
    <subfield code="a">BNPHU</subfield>
    <subfield code="b">BNPHU</subfield>
    <subfield code="c">HD</subfield>
    <subfield code="d">2019-12-09</subfield>
    <subfield code="e">Donado por Intec</subfield>
    <subfield code="l">0</subfield>
    <subfield code="o">BNPHU DS 305.26 M678d</subfield>
    <subfield code="p">2025-5083</subfield>
    <subfield code="r">2025-06-11</subfield>
    <subfield code="t">e. 4, resumen</subfield>
    <subfield code="w">2025-06-11</subfield>
    <subfield code="y">LBS1</subfield>
    <subfield code="z">Resumen de 31 p&#xE1;ginas</subfield>
  </datafield>
  <datafield tag="999" ind1=" " ind2=" ">
    <subfield code="c">48362</subfield>
    <subfield code="d">48362</subfield>
  </datafield>
</record>
